Electronic tools for translators

সংরক্ষণ করুন:
গ্রন্থ-পঞ্জীর বিবরন
প্রধান লেখক: Austermühl, Frank (Author)
বিন্যাস: গ্রন্থ
ভাষা:ইংরেজি
প্রকাশিত: Manchester St. Jerome Publishing 2001
সংস্করন:1a. ed
মালা:Translation Practices Explained, 2
বিষয়গুলি:
ট্যাগগুলো: ট্যাগ যুক্ত করুন
কোনো ট্যাগ নেই, প্রথমজন হিসাবে ট্যাগ করুন!

MARC

LEADER 00000cam a2200000 a 4500
001 UCE2104
003 CL-VaPUC
008 140612e20010000uk |||||||||||||||||eng|d
020 |a 9781900650342 
082 0 4 |a 418.02  |b AUS  |2 21 
100 0 |a Austermühl, Frank  |e author  |9 574576 
245 1 0 |a Electronic tools for translators 
250 |a 1a. ed 
300 |a 192 p 
942 |c BK 
945 |d 20140612 14:07:00  |a cmena 
260 |a Manchester  |b St. Jerome Publishing  |c 2001 
650 0 |a Traducción e interpretación  |9 315998 
650 7 |a TRADUCCION DE TEXTOS  |2 CL-VaPUC  |9 477245 
650 0 |a Proceso de datos   |9 259776 
650 0 |a Páginas web  |9 386845 
583 |a last modification  |c 20140612 14:07:00  |k Rodrigo Vera 
490 0 |a Translation Practices Explained, 2 
999 |c 355771  |d 355769 
952 |0 0  |1 0  |3 erb  |4 0  |6 418_020000000000000_AUS_2001  |7 0  |8 A  |9 462629  |a BIBEDU  |b BIBEDU  |i 5071097  |o 418.02 AUS 2001  |p 5071097  |r 2019-11-23  |w 2019-11-23  |y BK  |z Catalogado en:20140612  |k CIT